000 00936pam a2200277 a 4500
999 _c330319
_d330319
001 4787743
003 NUST
005 20170620123611.0
008 871123s1988 miua b 001 0 eng c
010 _a 87032492
020 _a0873711335
040 _aDNLM/DLC
_cDLC
_dDLC
050 0 0 _aRA1211
_b.K26 1988
060 _aQV 600 K15t
082 0 0 _a615.9 KAM
_219
100 1 _aKamrin, Michael A.
_92928
245 1 0 _aToxicology :
_ba primer on toxicology principles and applications ... /
_cMichael A. Kamrin.
260 _aChelsea, Mich. :
_bLewis Publishers,
_cc1988.
300 _axii, 145 p. :
_bill. ;
_c24 cm.
500 _aIncludes index.
501 _aH.B
504 _aBibliography: p. 139-141.
650 0 _aToxicology.
_92912
650 2 _aToxicology.
_92912
856 4 2 _3Publisher description
_uhttp://www.loc.gov/catdir/enhancements/fy0744/87032492-d.html
906 _a7
_bcbc
_corignew
_d1
_eocip
_f19
_gy-gencatlg
942 _2ddc
_cBK
_kIESE